| 000 | 00744nam a2200253 a 4500 | ||
|---|---|---|---|
| 001 | 000005321 | ||
| 003 | DO-SdBNP | ||
| 005 | 20171201100721.0 | ||
| 007 | 000005390 | ||
| 008 | 090819s1988 sp a 000 0 spa d | ||
| 020 | _a8477222150 | ||
| 040 |
_aBPMSU _bspa _cBPMSU |
||
| 100 | 1 | _a | |
| 110 | _aWalt Disney | ||
| 245 | 1 | 3 |
_aEl libro de la selva / _ctraducción Elena Moreno Gutíerrez |
| 260 |
_aBarcelona : _bEdicionesTimun Mas, _c1988 |
||
| 300 |
_a43 p. : _bil., _c23 cm. |
||
| 490 | 1 | _aElige tu propia aventura | |
| 700 | _aElena Moreno Gutíerrez | ||
| 830 | 0 |
_aElige tu propia aventura _pMinilibros Disney |
|
| 942 |
_2ddc _cBK |
||
| 945 | _aInvetariado extranjero / 2017 VM | ||
| 956 |
_aVMATEO _b10 _c20160331 _lBPMSU _h0069 |
||
| 999 |
_c12599 _d12599 |
||